Secado del Cacao
El grano de cacao despuš de fermentado queda con una humedad del 55% al 60%, la cual debe disminuir para que el producto pueda ser almacenado en condiciones que garanticen la calidad del producto. En esta infografa̕ se presentan dos tipos de secado dependiendo de los procedimientos y requerimientos...
Gespeichert in:
| Weitere Verfasser: | |
|---|---|
| Format: | Buch |
| Sprache: | Spanisch |
| Schlagworte: | |
| Online-Zugang: | Secado del Cacao |
| Tags: |
Tag hinzufügen
Keine Tags, Fügen Sie den ersten Tag hinzu!
|
MARC
| LEADER | 00000nam a22000004a 4500 | ||
|---|---|---|---|
| 001 | vpro11795 | ||
| 005 | 20201223000000.0 | ||
| 008 | 170605s2017 ck # g## #001 0#spa#d | ||
| 020 | |||
| 022 | |||
| 040 | |a CO-BoINGC | ||
| 041 | 0 | |a spa | |
| 245 | 1 | 0 | |a Secado del Cacao |
| 246 | |a Cocoa Drying | ||
| 264 | |a Bogot ̀(Colombia) : |b Revista VirtualPRO, |c 2017 | ||
| 520 | 3 | |a El grano de cacao despuš de fermentado queda con una humedad del 55% al 60%, la cual debe disminuir para que el producto pueda ser almacenado en condiciones que garanticen la calidad del producto. En esta infografa̕ se presentan dos tipos de secado dependiendo de los procedimientos y requerimientos de produccin̤ definidos por cada organizacin̤:Secado al aire libreSecado artificial | |
| 650 | \ | \ | |a Cacao |
| 650 | \ | \ | |a Agroindustria |
| 650 | \ | \ | |a Cacao |
| 650 | \ | \ | |a Agro-industry |
| 650 | \ | \ | |a agroindustria |
| 650 | \ | \ | |a cacao |
| 650 | \ | \ | |a agroindustry |
| 650 | \ | \ | |a cocoa |
| 700 | \ | \ | |a Virtual Pro |
| 856 | |z Secado del Cacao |u https://virtualpro.unach.elogim.com/biblioteca/secado-del-cacao | ||